000
00336nam a2200157Ia 4500
008
200305s9999 xx 000 0 und d
020
_a
978-1-137-61204-5
082
_a
801
082
_b
ROS
100
_a
ROBBINS RUTH
245
_a
SUBJECTIVITY
260
_a
DELHI
_b
ATLANTIC
300
_a
216
650
_a
ENGLISH
999
_c
39881
_d
39881
041
_a
eng